<?xml version="1.0" encoding="UTF-8"?>
<record
    xmlns:xsi="http://www.w3.org/2001/XMLSchema-instance"
    xsi:schemaLocation="http://www.loc.gov/MARC21/slim http://www.loc.gov/standards/marcxml/schema/MARC21slim.xsd"
    xmlns="http://www.loc.gov/MARC21/slim">

  <leader>01542nam a2200265   4500</leader>
  <controlfield tag="003">CO-ViMGA</controlfield>
  <datafield tag="020" ind1=" " ind2=" ">
    <subfield code="a">9789588611945</subfield>
  </datafield>
  <datafield tag="040" ind1=" " ind2=" ">
    <subfield code="a">CO-ViMGA</subfield>
    <subfield code="b">spa</subfield>
    <subfield code="c">CO-ViMGA</subfield>
  </datafield>
  <datafield tag="082" ind1="0" ind2="4">
    <subfield code="a">920.72</subfield>
    <subfield code="b">F71d</subfield>
  </datafield>
  <datafield tag="100" ind1="1" ind2=" ">
    <subfield code="a">Frank, Anne</subfield>
    <subfield code="d">1929-1945</subfield>
    <subfield code="9">9743</subfield>
  </datafield>
  <datafield tag="245" ind1="1" ind2="0">
    <subfield code="a">Diario</subfield>
    <subfield code="c">Ana Frank; traducci&#xF3;n de Diego Puls ; material did&#xE1;ctico de Maribel Cruzado</subfield>
  </datafield>
  <datafield tag="250" ind1=" " ind2=" ">
    <subfield code="a">Edicion escolar</subfield>
  </datafield>
  <datafield tag="260" ind1=" " ind2=" ">
    <subfield code="a">Colombia :</subfield>
    <subfield code="b">Debolsillo,</subfield>
    <subfield code="c">2009</subfield>
  </datafield>
  <datafield tag="300" ind1=" " ind2=" ">
    <subfield code="a">440 p.</subfield>
  </datafield>
  <datafield tag="490" ind1=" " ind2=" ">
    <subfield code="a">Contempor&#xE1;nea</subfield>
  </datafield>
  <datafield tag="520" ind1=" " ind2=" ">
    <subfield code="a">Tras la invasi&#xF3;n de Holanda, los Frank, comerciantes jud&#xED;os alemanes emigrados a Amsterdam en 1933, se ocultaron de la Gestapo en una buhardilla anexa al edifcio donde el padre de Ana ten&#xED;a sus ofcinas. Eran ocho personas y permanecieron recluidas desde 1942 hasta 1944, a&#xF1;o en el que fueron detenidos y enviados a campos de concentraci&#xF3;n. En ese lugar y en las m&#xE1;s precarias condiciones, Ana, de trece a&#xF1;os, escribi&#xF3; su estremecedor diario: un testimonio &#xFA;nico en su g&#xE9;nero sobre el horror y la barbarie nazi, y sobre los sentimientos y experiencias de la propia Ana y sus acompa&#xF1;antes. Ana muri&#xF3; en el campo de Bergen-Belsen en marzo de 1945. Su diario nunca morir&#xE1;. Tomado de la contracubierta.</subfield>
  </datafield>
  <datafield tag="534" ind1=" " ind2=" ">
    <subfield code="t">Het Achterhuis</subfield>
  </datafield>
  <datafield tag="600" ind1=" " ind2=" ">
    <subfield code="a">Frank, Anne</subfield>
    <subfield code="d">1929-1945</subfield>
    <subfield code="x">Correspondencia, memorias, etc.</subfield>
    <subfield code="9">9744</subfield>
  </datafield>
  <datafield tag="650" ind1="1" ind2="4">
    <subfield code="a">Autobiograf&#xED;as</subfield>
    <subfield code="9">9746</subfield>
  </datafield>
  <datafield tag="650" ind1="1" ind2="4">
    <subfield code="a">Diarios &#xED;ntimos</subfield>
    <subfield code="9">9745</subfield>
  </datafield>
  <datafield tag="650" ind1="1" ind2="4">
    <subfield code="a">Guerra mundial II, 1939-1945</subfield>
    <subfield code="x">Relatos personales</subfield>
    <subfield code="9">9747</subfield>
  </datafield>
  <datafield tag="700" ind1="1" ind2=" ">
    <subfield code="a">Cruzado, Maribel</subfield>
    <subfield code="9">9749</subfield>
  </datafield>
  <datafield tag="700" ind1="1" ind2=" ">
    <subfield code="a">Puls, Diego J.;</subfield>
    <subfield code="e">Tr.</subfield>
    <subfield code="9">9748</subfield>
  </datafield>
  <datafield tag="942" ind1=" " ind2=" ">
    <subfield code="2">ddc</subfield>
    <subfield code="c">BK</subfield>
  </datafield>
  <datafield tag="999" ind1=" " ind2=" ">
    <subfield code="c">3701</subfield>
    <subfield code="d">3701</subfield>
  </datafield>
  <datafield tag="952" ind1=" " ind2=" ">
    <subfield code="0">0</subfield>
    <subfield code="1">0</subfield>
    <subfield code="2">ddc</subfield>
    <subfield code="4">0</subfield>
    <subfield code="7">0</subfield>
    <subfield code="8">GEN</subfield>
    <subfield code="a">MEPRICO</subfield>
    <subfield code="b">MEPRICO</subfield>
    <subfield code="c">GEN</subfield>
    <subfield code="d">2023-04-19</subfield>
    <subfield code="l">0</subfield>
    <subfield code="o">920.72f71dI</subfield>
    <subfield code="p">PR000001015</subfield>
    <subfield code="r">2023-04-19 00:00:00</subfield>
    <subfield code="t">Ej.1</subfield>
    <subfield code="w">2023-04-19</subfield>
    <subfield code="y">BK</subfield>
  </datafield>
  <datafield tag="952" ind1=" " ind2=" ">
    <subfield code="0">0</subfield>
    <subfield code="1">0</subfield>
    <subfield code="2">ddc</subfield>
    <subfield code="4">0</subfield>
    <subfield code="7">0</subfield>
    <subfield code="8">003</subfield>
    <subfield code="a">MEVIECAR</subfield>
    <subfield code="b">MEVIECAR</subfield>
    <subfield code="d">2017-06-15</subfield>
    <subfield code="l">1</subfield>
    <subfield code="m">1</subfield>
    <subfield code="o">920.72 F71d</subfield>
    <subfield code="p">032230</subfield>
    <subfield code="r">2017-09-11 00:00:00</subfield>
    <subfield code="s">2017-09-11</subfield>
    <subfield code="w">2017-06-15</subfield>
    <subfield code="y">BK</subfield>
  </datafield>
</record>
